[Event "Match 70__120'/40"]
[Site "Zürich"]
[Date "2022.??.??"]
[Round "45"]
[White "CXG Sphinx 40 most agg"]
[Black "CXG Sphinx Legend"]
[Result "1-0"]
[WhiteElo "1780"]
[BlackElo "1816"]
[Annotator "Utzinger,K"]
[PlyCount "56"]
[EventDate "2022.??.??"]

1. e4 g6 {Match 120'/40 | Bediener: Rolf Bühler | 45. Partie: Schwarz (Sphinx
40) gewinnt | Zwischenstand: 26,0-19,0 (57,7%) für die Sphinx Legend | Aus
der Modernen Verteidigung entsteht schliesslich die Pirc-Verteidigung mit der
scharfen Variante 6.f4. Dagegen findet die Sphinx Legend kein Rezept und
wurstelt am Königsflügel unsachgemäss herum. Der die Stellung öffnende
Durchbruch mit f4-f5 ist der Anfang vom Ende. Und als sich Schwarz dann noch
seinen weissfeldrigen Läufer einklemmen und erobern lässt, hat die Sphinx
Legend mit den 2 Bauern dafür keine Aussicht mehr, die Partie zu retten, denn
viel zu schwach ist seine Königsstellung. Trotz der gegnerischen
Ungenauigkeiten eine bärenstarke Vorstellung der CXG Sphinx 40 most agg.} 2.
d4 d6 3. c3 Bg7 4. f4 Nf6 {***ENDE BUCH***} 5. Bd3 {***ENDE BUCH***} Bg4 {
Ein seltener Gast auf der Schachbühne.} 6. Qa4+ {Ein absolut sinnloses
Schachgebot. Wenn schon die Dame ziehen will, dann gehört sie natürlich nach
b3, wo sie den b7-Bauer angreift.} c6 (6... Bd7 {ist exakter, denn nach} 7. Qb3
O-O {bringt} 8. Qxb7 $2 {nichts ein, weil Schwarz nach} Bc6 9. Qb3 Nxe4 $15 {
deutlich besser steht.}) 7. Nd2 b5 {Unnötige Künstelei. Besser war die kurze
Rochade, während auch 7...Sh5 in Frage kommt.} (7... Nh5 8. Be2 (8. g3 e5 $15)
8... e5 9. Bxg4 Qh4+ 10. g3 Qxg4 $11) 8. Qb3 {Auf c2 stände die Dame
günstiger.} Bh6 $2 {Eine schlechte Idee, auf die CXG Sphinx 40 most agg das
richtige Rezept findet.} {[#]} 9. f5 $1 {Ein bombenstarker Vorstoss. Wegen der
Drohung, durch h3 den Läufer g4 zu erobern, muss Schwarz reagieren.} gxf5 10.
exf5 Qd7 $2 (10... e6 {war die richtige Wahl}) 11. Qc2 Bg5 $2 {Dieses dubiose
Manöver verschlechtert die schwarze Stellung, weshalb 11...Sd5 zu bevorzugen
war.} (11... Nd5 12. Nb3 Bxc1 13. Nxc1 Nf4 14. Be4 d5 15. h3 Bxh3 16. Nxh3 Nxh3
17. Rxh3 dxe4 18. Qxe4 Qd5 19. Qxd5 cxd5 20. Nd3 $16 {Weiss steht besser}) 12.
h3 $6 {Mit 12.Sf1! stand eine stärkere Fortsetzung zur Verfügung.} (12. Nf1
$1 Bxc1 13. Rxc1 e6 14. Ne3 Qe7 15. fxe6 Kd8 $1 16. Nxg4 Nxg4 17. Qe2 $16 {
und Weiss steht äusserst vielversprechend.}) {[#]} 12... Bh5 $2 {Ein
Verlustzug, anstelle von 12...Lh4+, was den Schaden in Grenzen hält.} (12...
Bh4+ 13. Kf1 Nh5 14. Ngf3 Bxf3 15. Nxf3 Bg3 $16) 13. g4 {Erobert eine
Leichtfigur gegen 2 Bauern.} Bh4+ 14. Kd1 Nxg4 {Was sonst?} 15. hxg4 Bxg4+ 16.
Ngf3 Bf6 17. Rf1 $1 $18 {Nun hat Schwarz keine genügende Verteidigung mehr.}
O-O $2 {Die Rochade macht alles nur noch schlimmer. Der König sollte nach d8
ausweichen.} 18. Nb3 {Es gibt mit 18.Se4 oder 18.Tg1 schnellere Gewinnzüge.}
Bg7 $2 {Möchte die offene g-Linie schliessen, übersieht allerdings die
Folgen der starken Antwort.} 19. f6 $1 {Stark gespielt, denn dieser Vorstoss
gewinnt am schnellsten.} Bxf6 20. Bh6 (20. Bxh7+ Kh8 21. Qh2 $18 {war noch
effizienter}) 20... Re8 21. Bxh7+ Kh8 22. Be4 d5 23. Bd3 Na6 24. Qh2 {Jetzt
hat auch die Sphinx 40 Blut gerochen.} Kg8 25. Qf4 {Droht Tg1 und aus.} Bxf3+ {
Gestattet ein Matt in wenigen Zügen.} 26. Qxf3 Red8 27. Rg1+ Bg5 28. Rxg5+ Kh8
{***AUFGEGEBEN***} 1-0

[Event "Match 70__120'/40"]
[Site "Zürich"]
[Date "2022.??.??"]
[Round "46"]
[White "CXG Sphinx Legend"]
[Black "CXG Sphinx 40 most agg"]
[Result "1/2-1/2"]
[WhiteElo "1816"]
[BlackElo "1780"]
[Annotator "Utzinger,K"]
[PlyCount "154"]
[EventDate "2022.??.??"]

{[%evp 0,154,19,-12,-27,-26,-16,-21,-20,-24,-16,-16,-9,-14,-8,-47,-20,-20,-19,
-13,-23,-26,-6,-14,-7,-46,-56,-44,-42,-57,-38,-29,3,3,4,5,5,0,0,4,19,2,-1,13,5,
-12,-12,-6,-28,-42,-44,-52,-67,-119,-76,-129,21,16,73,87,68,69,66,69,69,45,39,
39,23,40,28,28,52,52,88,96,98,108,118,118,185,209,210,171,171,157,279,270,280,
280,266,266,288,295,403,319,326,326,326,328,328,347,338,349,349,350,343,324,
332,325,346,350,346,346,344,302,344,344,344,346,345,327,327,329,329,276,314,
254,283,370,913,273,298,59,324,0,0,0,0,0,0,0,0,0,0,0,0,0,0,0,0,0,0,0,0,0,0]} 1.
c4 e5 {Match 120'/40 | Bediener: Rolf Bühler | 46. Partie: remis |
Zwischenstand. 26,5-19,5 (57,6%) für die Sphinx Legend. | Englisches
Vierspringerspiel steht zur Diskussion. Schwarz kommt mit besseren Chancen ins
Mittelspiel, vergeigt jedoch seinen Vorteil und verliert einen Bauern bei
allerdings genügender Kompensation. Einem leichtfertigen Turmzug lässt die
Sphinx 40 ein völlig ungenügendes Qualitätsopfer folgen. Dankbar nimmt
Weiss das Geschenk an und nach 51.Dxb6 hat die Sphinx Legend einen Turm mehr
auf dem Brett. Wie die Partie dann noch Remis wird - wobei selbst die Damen
noch getauscht werden, was die schwarzen Chancen für ein Dauerschach
zunichtemacht - muss man gesehen haben. WARNUNG: Erneut und einmal mehr bleibt
festzuhalten, dass Partien zwischen Oldies nicht - oder nur ganz ausnahmsweise
- abgebrochen werden sollten, um das Endresultat nicht zu verfälschen. Eine
fast unfassbare Partie, die ich als schlechtes Musterbeispiel in meine
Datenbank "Comp_Kurios" abgelegt habe.} 2. Nc3 Nf6 3. Nf3 Nc6 4. e3 Be7 5. d4
exd4 6. Nxd4 O-O 7. Nxc6 {***ENDE BUCH***} bxc6 8. Be2 d5 9. O-O Bd6 {***ENDE
BUCH***} 10. Qc2 Qe7 11. Rd1 Rd8 12. Bd2 $146 {Der typische zu zahme Aufbau
des Programms von Gyula Horvath. Sowohl 12.cxd5 als auch 12.h3 verdienen den
Vorzug.} ({Predecessor:} 12. cxd5 cxd5 13. Nb5 {1/2-1/2 (13) Gunnarsson,A 
(2348)-Ovsejevitsch,S (2497) Budapest 2003}) 12... Qe5 {Droht mit ...Dxh2+ ein
Matt in 2 Zügen, so dass Weiss nun zu einer Schwächung seiner Bauernstruktur
gezwungen ist.} 13. f4 Qe7 14. cxd5 cxd5 15. Bf3 Bb7 16. Nb5 {Macht sich via
d4 auf den Weg nach f5.} Bc5 17. Nd4 Bb6 18. Nf5 Qe8 19. b4 a6 $6 {Dahinter
sehe ich absolut keinen Sinn.} (19... Bc8 20. Nd4 Bg4 $11) 20. Rac1 {Hier war
20.Lc3 aktiver.} Bc8 21. Nd4 Bg4 22. Bxg4 Nxg4 23. Re1 {Die Stellung befindet
sich im Gleichgewicht. Weiss hat Druck auf der c-Linie, Schwarz auf der
e-Linie.} Nf6 24. Nc6 {Eine verlockende, aber nicht die beste Fortsetzung, die
in 24.Lc3 bestand.} Rd6 25. Ne5 Ne4 $17 {Schwarz hat einen *ewigen" Springer
auf e4 platzieren können, während der weisse Springer auf e5 jederzeit dem
allfälligen Angriff ...f6 ausgesetzt ist. Ferner besitzt der schwarze Turm
auf der 6. Reihe grosse Bewegungsfreiheit. Deshalb steht Schwarz nun besser.}
26. Nd3 {Während die Engines die schwarze Stellung schon deutlich bevorzugen,
ist die Sache für unsere Oldies natürlich alles andere als klar.} c6 27. Ne5
$6 {Besser ginge der Springer nach c5.} f6 $2 {Verpasst eine sehr starke
Riposte.} (27... g5 $1 {Dieser Unterminierung des weissen Springers hätte
Weiss bereits in arge Nöte gebracht nach} 28. Nd3 gxf4 29. Nxf4 Qe5 $17 {
und die schwarze Stellung sieht bereits Gewinn verheissend aus.}) 28. Nxc6 $15
{Schnappt einen Bauern, die wohl noch beste Wahl.} Nxd2 $6 {Diese Idee sieht
günstiger aus als sie ist. Richtig war 28...g5 mit genügend Kompensation.}
29. Qxd2 Qe4 (29... Rxc6 $4 {funktioniert aus taktischen Gründen nicht und
verliert} 30. Qxd5+ Qe6 31. Qxc6 $18) 30. Nd4 Re8 31. a4 Rdd8 32. b5 axb5 33.
axb5 Rc8 {Dank seiner aktiven Figuren und der Überlegenheit des Läufers
über den Springer, hat Schwarz genügend Kompensation für den Bauernverlust.}
34. Rxc8 Rxc8 35. Rd1 Rc4 {Minimal stärker ist 35...Ta8 mit der Idee, den
Turm nach a3 zu bringen.} 36. Qd3 Rc1 $2 {Das hingegen ist falsch.} (36... Qxd3
37. Rxd3 Rb4 38. Nf5 Rxb5 39. Rxd5 Rb3 40. Kf2 g6 41. Nd4 Rb2+ 42. Kf3 (42. Ne2
Rb3 $11) 42... Bxd4 43. exd4 f5 {und dieses Endspiel ist leicht Remis zu
halten.}) 37. Kf2 Rc4 38. Ne2 Rc5 39. Nc3 {Erzwingt den Damentausch.[#]} Rxc3
$2 {Mit diesem Qualitätsopfer für einen Bauern liegt die "Unergründliche"
völlig daneben.} 40. Qxc3 $19 Qxf4+ 41. Ke2 Qg4+ (41... Qxh2 {rettet auch
nicht mehr} 42. Qc8+ Kf7 43. Qd7+ Kf8 44. Qxd5 $18) 42. Ke1 Qh4+ 43. Kf1 Qxh2
44. Qc8+ Kf7 45. Qb7+ Bc7 46. Qxd5+ Kf8 47. b6 {Einfacher gewinnen 47.Td4 und
47.Dc5+.} Bxb6 {Zwar erzwungen, wie die Engines meinen, aber unmöglich zu
erkennen für die Sphinx 40, weshalb dieses Schlagen wohl aus dem falschen
Grund erfolgt ist, nämlich in der Meinung, dass dieser Läufer nicht verloren
gehen wird.} 48. Qa8+ Kf7 49. Qa2+ Kg6 50. Qb1+ $1 Kh6 51. Qxb6 {[%mdl 32768] 
[#]WARNUNG: Gibt es jemanden, der daran zweifelt, dass Weiss mit seinem
Mehrturm nicht gewinnen wird? Wohl kaum ... und trotzdem passiert es, weil die
Partie mit Remis endet. Erneut und einmal mehr bleibt festzuhalten, dass
Partien zwischen Oldies nicht - oder nur ganz ausnahmsweise - abgebrochen
werden sollten, um das Endresultat nicht zu verfälschen.} Qh1+ 52. Ke2 Qxg2+
53. Ke1 Qh1+ 54. Kd2 Qg2+ 55. Kc3 Qe4 56. Qd4 Qc6+ 57. Kb2 $2 {Ein
Fragezeichen deshalb, weil 57.Dc4 die Schachgeboten der gegnerischen Dame
beendet hätte.} Qb5+ 58. Ka3 Qa5+ 59. Kb3 Qb5+ 60. Qb4 Qxb4+ $2 {Durch den
Damentausch nimmt sich Schwarz jede Hoffnung auf ein Dauerschach.} 61. Kxb4 {
[#]Und wer glaubt jetzt noch an ein Remis?} g6 62. Rd6 Kg5 63. Rd5+ f5 64. e4
h5 65. exf5 (65. e5 {gewinnt schneller}) 65... gxf5 66. Kc5 Kg4 {[#]} 67. Rd4+
$4 {Auf einen Schlag vergibt Weiss (Sphinx Legend) sein Gewinnstellung. Mit
dem Turmschach erlaubt Weiss dem Gegner mit Tempogewinn seinen Freibauer auf
der f-Linie vorzurücken und so das Remis zu sichern. Eine mögliche
Gewinnvariante sieht wie folgt aus:} (67. Rd8 f4 68. Kd4 Kf3 69. Kd3 h4 70. Rh8
Kg3 71. Ke2 h3 72. Kf1 f3 73. Rh7 h2 74. Rh8 f2 75. Rh7 Kf3 76. Rxh2) 67... f4
68. Kd5 h4 69. Ke5 h3 70. Rxf4+ Kg3 {Das Remis ist nun offensichtlich: Die
drohende Umwandlung des schwarzen Bauern lässt sich nur noch durch ein
Dauerschach oder das Opfern des Turms verhindern.} 71. Rf7 h2 72. Rh7 Kg2 73.
Rg7+ Kf2 74. Rh7 Kg2 75. Rg7+ Kf2 76. Rf7+ Kg3 77. Rg7+ Kf2 {***3x REMIS***}
1/2-1/2

[Event "Match 70__120'/40"]
[Site "Zürich"]
[Date "2022.??.??"]
[Round "47"]
[White "CXG Sphinx 40 most agg"]
[Black "CXG Sphinx Legend"]
[Result "1/2-1/2"]
[WhiteElo "1780"]
[BlackElo "1816"]
[Annotator "Utzinger,K"]
[PlyCount "173"]
[EventDate "2022.??.??"]

{[%evp 0,173,19,38,25,16,13,37,33,32,32,34,32,32,18,-5,15,20,71,51,80,62,65,57,
50,50,43,57,58,58,58,63,55,35,43,43,53,49,88,25,12,27,52,49,52,52,70,70,75,57,
54,40,54,32,25,9,17,15,50,23,26,30,32,-3,24,21,39,37,37,-3,11,0,16,-16,-2,-12,
-19,-71,-14,-20,0,0,0,0,13,29,0,0,-28,0,12,28,28,32,32,32,26,24,0,0,64,53,94,
73,109,113,140,66,77,62,84,84,94,48,64,101,104,-76,-76,-90,70,89,69,51,58,28,
54,66,67,43,49,26,43,0,0,-104,-100,-108,-108,-112,-112,-120,-120,-116,-112,
-112,-108,-195,-104,-108,-108,-104,0,0,0,0,0,0,0,0,0,0,0,0,0,0,0,0,0,0,0,0,0,0,
0,0]} 1. e4 e5 {Match 120'/40 | Bediener: Rolf Bühler | 47. Partie: remis |
Zwischenstand: 27,0-20,0 (57,4%) für die Sphinx Legend | Gegen die Russische
Verteidigung wählt die Sphinx 40 die zahmste Fortsetzung mit 5.De2, was
frühzeitig zum Damentausch und einer vollkommen ausgeglichenen Stellung
führt. Die Partie plätschert erwartungsgemäss ruhig dahin, bis Weiss mit 37.
dxc5? das Zentrum aufgibt. Den so erreichten Vorteil vermag die Sphinx Legend
indessen nicht zu nutzen. Das Endspiel überfordert beide Programme völlig.
Schwarz gerät schliesslich in eine verlorene Stellung, die Weiss jedoch mit
58.Sg5 in den Sand setzt. Das ausgeglichene Turmendspiel mit zwei verbundenen
Freibauern auf der h- und g-Linie von Weiss und einem starken schwarzen
Freibauer auf der d-Linie gestaltet sich interessant wie lehrreich zugleich.
Es ist dann gar Weiss (Sphinx 40), der schliesslich in den Verlust stolpert
und seinen Turm für den schwarzen Freibauern opfern muss. Der Kampf von
schwarzem König+Turm gegen die zwei weissen Freibauern war elementar zu
gewinnen. Aber die Sphinx Legend scheitert und muss sich am Ende mit Remis
zufriedengeben.} 2. Nf3 Nf6 3. Nxe5 d6 4. Nf3 Nxe4 5. Qe2 Qe7 6. d3 Nf6 7. Bg5
{***ENDE BUCH***} Nbd7 8. Nc3 Qxe2+ {***ENDE BUCH***} 9. Bxe2 c6 10. O-O Be7
11. Rfe1 O-O 12. d4 h6 13. Bd3 Re8 14. Bh4 g5 {Ein etwas forscher Vorstoss.}
15. Bg3 Nb6 16. Ne4 Nxe4 17. Rxe4 Be6 18. Rae1 g4 $6 {Diese weitere
Schwächung hätte sich Schwarz nicht antun müssen.} 19. Nd2 (19. Nh4 $14 {
ist genauer}) 19... d5 $11 20. R4e2 Bf6 (20... Na4 $1 {gleicht problemlos aus}
21. Bf5 Bxf5 22. Rxe7 Rxe7 23. Rxe7 b5 $11) 21. Be5 Bxe5 22. Rxe5 Nd7 23. R5e3
$14 Nf6 24. Nb3 b6 {Er will das Ross nicht nach c5 eindringen lassen.} 25. f3
Kg7 26. fxg4 Bxg4 27. c3 Rxe3 28. Rxe3 Be6 29. Rg3+ Kf8 30. Nd2 Ke7 31. Bc2 Re8
32. Re3 Ng4 33. Re1 Kd6 34. Bd1 Rg8 35. g3 c5 36. Nb3 Nf6 $11 {Noch immer
herrsch Ausgleich.} 37. dxc5+ $2 {Das Zentrum und das Feld e5 aufzugeben, ist
keine gute Idee und führt zu leichtem schwarzem Vorteil.} bxc5 38. Bc2 $2 {
Es war notwendig, den Springer nach d2 zu bringen, um nötigenfalls b2-b3
spielen zu können.} Bh3 $6 {Geht an einer guten Chance vorbei, deutlichen
Vorteil zu erlangen.} (38... Rb8 $1 39. Rb1 Ne4 $1 40. Bxe4 dxe4 41. Rd1+ Ke5
42. Nxc5 Rxb2 $17 {und Weiss hat ein sehr schweres Leben.}) 39. Re2 {Wiederum
war Sd2 nebst b3 besser.} Ng4 {Nur mit ...Tb8 durfte Schwarz noch auf etwas
Vorteil hoffen.} 40. Na5 Rb8 41. Bf5 {Nun ist der b2-Bauer gedeckt und der Sg4
lästig gefesselt.} a6 42. Nb3 h5 43. Nc1 c4 44. b3 {Am einfachsten war:} (44.
Bxg4 Bxg4 45. Rd2 a5 46. Kf2 a4 47. a3 Re8 48. Ne2 Rxe2+ 49. Rxe2 Bxe2 50. Kxe2
Ke5 51. Ke3 $11) 44... cxb3 45. axb3 a5 46. Nd3 $1 {Auf dem Weg, den schwarzen
Lh3 zu erobern. Pech nur, dass damit kein Gewinn möglich ist.} Rxb3 47. Nf4
Rxc3 48. Nxh3 Ne3 {Schwarz hat nur 2 Bauern für die Figur, aber seine beiden
Freibauern auf der d- und a-Linie bieten gerade noch genügend Kompensation.
Das folgende Endspiel stellt indessen für beide Programme eine totale
Überforderung dar, so dass man die auftretenden und kritisierten Fehler
meistens nicht auf die Goldwaage legen darf.} 49. Bh7 Rc1+ (49... a4 {ist
logischer, denn Freibauern sollen laufen; hier greift das allenfalls
vorhandene Schachwissen nicht.}) 50. Kf2 Ng4+ 51. Kg2 Nf6 {Ungenau, denn auch
hier sollte ...a4 folgen, denn nun kommt Weiss deutlich in Vorteil.} 52. Bf5
Rc7 53. Kf3 $6 {Minimiert den weissen Vorteil.} (53. Ra2 Ke5 54. Bd3 Ra7 55.
Ra3 Nd7 56. Be2 h4 57. gxh4 a4 58. h5 Ra8 59. Nf2 $18) 53... a4 54. Kf4 $6 {
Nun geht auch noch der letzte weisse Vorteil flöten.} (54. Nf2 $142) 54...
Rc4+ $2 {Aber auch Schwarz ist von dieser Stellung überfordert.} (54... d4 $1
$11 {war richtig}) 55. Kg5 {Jetzt fällt noch der wichtige h-Bauer.} Ne4+ 56.
Kxh5 Ke5 $6 {Das ist noch ungünstiger als 56...Sc3.} 57. Kg4 {Auch 57.Lxe4
gewinnt.} (57. Bxe4 $1 dxe4 58. Nf4 a3 59. Ra2 Ra4 60. Kg4 Ra8 61. h4 $18 {
und Weiss gewinnt}) 57... a3 58. Ng5 $2 {Das vergibt den Gewinn, der mit 58.
Sf4 möglich war. Selbstverständlich können beide Programme das nicht
erkennen.} a2 $1 $11 {ausgeglichen} 59. Re1 a1=R 60. Nxf7+ Kf6 61. Rxa1 Nd6+
62. Kh3 Nxf5 63. Rf1 Kxf7 64. Rxf5+ Ke6 {Dieses Turmendspiel ist ausgeglichen;
der schwarze Freibauer bietet genügend Gegenspiel.} 65. g4 d4 66. Rf4 Ke5 67.
Rf3 Ke4 68. Rf2 Ke3 69. Rf1 d3 {Der schwarze Freibauer ist zu einer Macht
geworden.} 70. Re1+ Kf3 {Eine kritische Stellung, in der lediglich die
Turmzüge 71.Td1 oder 71.Tf1 das Remis sichern.} 71. g5 $2 {Gerät in eine
verlorene Stellung.} d2 $1 72. Rd1 Ke2 73. Ra1 d1=Q 74. Rxd1 Kxd1 {[#]Eine
wichtige Gewinnstellung, die jeder Turnierspieler kennen sollte. Der weisse
König ist auf der 4. Reihe abgeschnitten und kann seinen Freibauer auf der
g-Linie nicht unterstützen. Prescht der Bauer vor, so wartet Schwarz, bis
Weiss g6-g7 zieht, bringt dann seinen Turm via c8 nach g8 und holt den Bauer
ab. Unternimmt Weiss nichts, dann marschiert der schwarze König über
c2-b3-b4-c5-d6-e7-f7 nach g6 und holt den weissen g-Bauer ab.} 75. Kg3 Rc3+ $2
{Ein lehrreicher Fehler und weshalb dem so ist, sollte nach meinem
vorhergehenden Kommentar klar sein. Der schwarze Turm gibt die Sperre der 4.
Reihe auf und erlaubt dem weissen König, seinem Bauer zur Hilfe zu kommen,
also Remis.} 76. Kg4 Ke2 77. g6 Rc6 78. Kg5 Rc5+ 79. Kh6 Kf3 80. g7 Rc8 81. Kh7
Rc2 82. h4 Rh2 83. h5 Rxh5+ 84. Kg6 Kg4 85. g8=Q Rg5+ 86. Kf7 Rxg8 87. Kxg8 {
***REMIS ***} 1/2-1/2